Statistics for Countries Bordering Transcontinental Countries

Click here to take the quiz!

General Stats

  • This quiz has been taken 61 times
    (31 since last reset)
  • The average score is 25 of 31

Answer Stats

Country% Correct
Armenia
100%
Azerbaijan
100%
China
96%
Georgia
96%
Kazakhstan
93%
Mongolia
89%
Bulgaria
86%
Finland
86%
Greece
86%
Iran
86%
Iraq
86%
Latvia
86%
Lithuania
86%
North Korea
86%
Syria
86%
Ukraine
86%
Belarus
82%
Israel
82%
Norway
82%
Estonia
79%
Poland
79%
Uzbekistan
75%
Kyrgyzstan
71%
Turkmenistan
71%
Russia
68%
France
64%
Libya
64%
Morocco
64%
Sudan
64%
Andorra
61%
Portugal
54%

Score Distribution

Percentile by Number Answered

Percent of People with Each Score

Your Score History

You have not taken this quiz since the last reset